[Event "Col Ch "]
[Site "Ibague "]
[Date "2013.07.03"]
[Round "5.27"]
[White "Herrera, Juan Sebastian"]
[Black "Culma, Ruben"]
[Result "1-0"]
[WhiteElo "2205"]
[BlackElo "2029"]
[PlyCount "73"]
[EventDate "2013.07.01"]
[EventType "swiss"]
[EventRounds "11"]
[EventCountry "COL"]
[SourceDate "2005.09.12"]

1. e4 c5 2. Nf3 d6 3. d4 cxd4 4. Nxd4 Nf6 5. Nc3 a6 6. Be2 e5 7. Nb3 Be6 8. O-O
Nbd7 9. Kh1 Be7 10. f4 Rc8 11. f5 Bc4 12. Bxc4 Rxc4 13. Qf3 b5 14. a3 O-O 15.
Bg5 h6 16. Bh4 d5 17. Bxf6 Nxf6 18. exd5 Bd6 19. Nd2 e4 20. Ndxe4 Nxe4 21. Nxe4
Rxc2 22. f6 g6 23. Qe3 Re8 24. Rac1 Rxc1 25. Rxc1 Bf8 26. Qd3 Bd6 27. g3 Re5
28. Rc6 Qa5 29. b4 Bxb4 30. axb4 Qxb4 31. Nf2 Qe1+ 32. Kg2 Re2 33. Qf3 b4 34.
d6 Rd2 35. Rc8+ Kh7 36. d7 Rxd7 37. Rh8+ 1-0

[Event "Col Ch "]
[Site "Ibague "]
[Date "2013.07.03"]
[Round "5.28"]
[White "Martinez, Jorge Alexander"]
[Black "Martinez, Mauricio"]
[Result "1-0"]
[WhiteElo "2189"]
[BlackElo "2010"]
[PlyCount "69"]
[EventDate "2013.07.01"]
[EventType "swiss"]
[EventRounds "11"]
[EventCountry "COL"]
[SourceDate "2005.09.12"]

1. e4 c6 2. d4 d5 3. Nc3 dxe4 4. Nxe4 Nf6 5. Nxf6+ exf6 6. Nf3 Be6 7. Bd3 Bb4+
8. c3 Bd6 9. O-O O-O 10. Qc2 h6 11. Be3 Re8 12. Rad1 Qa5 13. c4 Nd7 14. c5 Be7
15. a3 Qd8 16. Nh4 Nf8 17. Rfe1 Qd5 18. Nf5 Bxf5 19. Bxf5 g6 20. Bd3 Qh5 21. h3
Kg7 22. Qc1 f5 23. Be2 Qh4 24. Kh2 Kh7 25. g3 Qf6 26. Bxh6 g5 27. Bxf8 Bxf8 28.
Bd3 Rxe1 29. Rxe1 Qxd4 30. Bxf5+ Kh6 31. Kg2 Bxc5 32. Re2 Re8 33. h4 f6 34.
hxg5+ fxg5 35. Qh1+ 1-0

[Event "Col Ch "]
[Site "Ibague "]
[Date "2013.07.03"]
[Round "5.29"]
[White "Almanza, Rafael Andres"]
[Black "Herrera Perez, Martin Steven"]
[Result "0-1"]
[WhiteElo "2186"]
[BlackElo "1974"]
[PlyCount "84"]
[EventDate "2013.07.01"]
[EventType "swiss"]
[EventRounds "11"]
[EventCountry "COL"]
[SourceDate "2005.09.12"]

1. e4 c5 2. Nf3 d6 3. d4 cxd4 4. Nxd4 Nf6 5. Nc3 a6 6. f4 e6 7. Qf3 Qc7 8. g4
b5 9. g5 Nfd7 10. a3 Bb7 11. f5 e5 12. Nb3 Nc5 13. Nxc5 dxc5 14. Nd5 Bxd5 15.
exd5 Bd6 16. Bd2 Nd7 17. O-O-O O-O-O 18. h4 Kb7 19. h5 c4 20. h6 g6 21. Bg2 a5
22. Rh4 Rc8 23. Kb1 Rhf8 24. Re1 Qb6 25. Ree4 Qa6 26. a4 bxa4 27. Bf1 a3 28.
Bxc4 Qb6 29. b3 Nc5 30. Re1 a4 31. b4 Na6 32. Bxa6+ Qxa6 33. Qxa3 gxf5 34. Rc1
f4 35. Qa2 Rc4 36. c3 Rfc8 37. Kb2 Qb5 38. Qa3 Bxb4 39. cxb4 Rxc1 40. Bxc1 Qe2+
41. Ka1 Qe1 42. Kb1 Rc3 0-1

[Event "Col Ch "]
[Site "Ibague "]
[Date "2013.07.03"]
[Round "5.30"]
[White "Barros, Raul Junior"]
[Black "Hernandez, Oscar Eduardo"]
[Result "1/2-1/2"]
[WhiteElo "2180"]
[BlackElo "1970"]
[PlyCount "67"]
[EventDate "2013.07.01"]
[EventType "swiss"]
[EventRounds "11"]
[EventCountry "COL"]
[SourceDate "2005.09.12"]

1. e4 c5 2. Nf3 Nc6 3. d4 cxd4 4. Nxd4 g6 5. c4 Nf6 6. Nc3 d6 7. Be2 Nxd4 8.
Qxd4 Bg7 9. Be3 O-O 10. Qd1 Be6 11. Rc1 Qa5 12. O-O Rfc8 13. b3 Ng4 14. Bxg4
Bxg4 15. Qxg4 Bxc3 16. Qd7 Rc7 17. Qb5 Bd2 18. Bxd2 Qxd2 19. a4 Qd4 20. Rfe1
Qc5 21. Qxc5 Rxc5 22. b4 Rc7 23. Rc2 Rac8 24. Rec1 b6 25. Kf1 a5 26. Ke2 axb4
27. Rb2 Rxc4 28. Rxc4 Rxc4 29. Kd3 Rc6 30. Rxb4 Kf8 31. Rc4 Rc5 32. Rb4 Rc6 33.
Rc4 Rc5 34. Rb4 1/2-1/2

[Event "Col Ch "]
[Site "Ibague "]
[Date "2013.07.03"]
[Round "5.31"]
[White "Lotero, Faiber"]
[Black "Leal Cortes, Diego Fernando"]
[Result "1-0"]
[WhiteElo "2177"]
[BlackElo "1901"]
[PlyCount "57"]
[EventDate "2013.07.01"]
[EventType "swiss"]
[EventRounds "11"]
[EventCountry "COL"]
[SourceDate "2005.09.12"]

1. Nc3 c6 2. Nf3 d5 3. e4 Bg4 4. h3 Bxf3 5. Qxf3 e6 6. d4 Bb4 7. a3 Bxc3+ 8.
bxc3 Qf6 9. Qg3 h6 10. Qc7 Qd8 11. Qxb7 Nd7 12. Qxc6 Ne7 13. Qd6 O-O 14. exd5
Nxd5 15. c4 N5f6 16. Bd3 Nb6 17. Qxd8 Rfxd8 18. Be3 Rac8 19. c5 Nbd5 20. O-O e5
21. dxe5 Nxe3 22. fxe3 Nd7 23. Bf5 g6 24. e6 gxf5 25. exd7 Rxd7 26. Rxf5 Rdc7
27. Raf1 Rxc5 28. Rxf7 Rxc2 29. Rxa7 1-0

[Event "Col Ch "]
[Site "Ibague "]
[Date "2013.07.03"]
[Round "5.32"]
[White "Valdeblanquez, Jeiner Jair"]
[Black "Arango, Andres Mauricio"]
[Result "1-0"]
[WhiteElo "1765"]
[BlackElo "2142"]
[PlyCount "65"]
[EventDate "2013.07.01"]
[EventType "swiss"]
[EventRounds "11"]
[EventCountry "COL"]
[SourceDate "2005.09.12"]

1. d4 d5 2. Nf3 Nf6 3. Nc3 c5 4. Bg5 cxd4 5. Bxf6 exf6 6. Qxd4 Be6 7. e4 Nc6 8.
Bb5 dxe4 9. Qxe4 Rc8 10. Nd4 Bb4 11. Nxe6 Bxc3+ 12. bxc3 fxe6 13. Qxe6+ Qe7 14.
Qxe7+ Kxe7 15. O-O-O Ne5 16. Rhe1 a6 17. Ba4 b5 18. Bb3 g5 19. h3 Rxc3 20. g3
Rf3 21. Re2 Kf8 22. Rd6 a5 23. Bd5 Rc3 24. Rxf6+ Kg7 25. Rf5 Ng6 26. Rxg5 Rc5
27. h4 Rf8 28. h5 Kh6 29. f4 Nxf4 30. gxf4 Rxf4 31. Rge5 a4 32. Bg8 Rc8 33.
Re6+ 1-0

[Event "Col Ch "]
[Site "Ibague "]
[Date "2013.07.03"]
[Round "5.33"]
[White "Cespedes, Jaime"]
[Black "Corredor Rengifo, Luis Fernand"]
[Result "1-0"]
[WhiteElo "2138"]
[BlackElo "1952"]
[PlyCount "83"]
[EventDate "2013.07.01"]
[EventType "swiss"]
[EventRounds "11"]
[EventCountry "COL"]
[SourceDate "2005.09.12"]

1. d4 Nf6 2. c4 c5 3. d5 b5 4. cxb5 a6 5. bxa6 g6 6. g3 Bg7 7. Bg2 Bxa6 8. Nf3
O-O 9. O-O d6 10. Nc3 Nbd7 11. Qc2 Qa5 12. Rd1 Rfb8 13. b3 Ng4 14. Bb2 Nge5 15.
h4 c4 16. Nd4 Re8 17. a4 Nc5 18. bxc4 Nxc4 19. Nc6 Qb6 20. Bc1 Qb3 21. Qxb3
Nxb3 22. Rb1 Bxc3 23. Rxb3 Bg7 24. Bg5 f6 25. Bf4 Rac8 26. Rc1 Kf7 27. Rb4 Ne5
28. Bxe5 fxe5 29. Bh3 Ra8 30. Be6+ Kf8 31. Bd7 Bxe2 32. Bxe8 Kxe8 33. Rb8+ Rxb8
34. Nxb8 Bf3 35. Rc8+ Kf7 36. a5 Bxd5 37. Nc6 e4 38. a6 Bxc6 39. Rxc6 Bd4 40.
Rc7 e3 41. fxe3 Bxe3+ 42. Kg2 1-0

[Event "Col Ch "]
[Site "Ibague "]
[Date "2013.07.03"]
[Round "5.34"]
[White "Otero, Daniel"]
[Black "Osorio, Alejandro"]
[Result "1/2-1/2"]
[WhiteElo "2135"]
[BlackElo "1883"]
[PlyCount "46"]
[EventDate "2013.07.01"]
[EventType "swiss"]
[EventRounds "11"]
[EventCountry "COL"]
[SourceDate "2005.09.12"]

1. e4 c5 2. d4 cxd4 3. c3 Nf6 4. e5 Nd5 5. cxd4 Nc6 6. Bc4 Nb6 7. Bb3 e6 8. Nf3
d6 9. O-O dxe5 10. dxe5 Qxd1 11. Rxd1 Be7 12. Nc3 O-O 13. Na4 Nd7 14. Bf4 Nc5
15. Nxc5 Bxc5 16. Rac1 Bb6 17. Ba4 Nb4 18. a3 Nd5 19. Bg3 Rd8 20. Nd2 h6 21.
Nc4 Bd7 22. Nxb6 axb6 23. Bxd7 Rxd7 1/2-1/2

[Event "Col Ch "]
[Site "Ibague "]
[Date "2013.07.03"]
[Round "5.36"]
[White "Valderrama Castano, Julian Cam"]
[Black "Garavito, Miguel Angel"]
[Result "1/2-1/2"]
[WhiteElo "1978"]
[BlackElo "2263"]
[PlyCount "60"]
[EventDate "2013.07.01"]
[EventType "swiss"]
[EventRounds "11"]
[EventCountry "COL"]
[SourceDate "2005.09.12"]

1. e4 g6 2. Nc3 Bg7 3. g3 e5 4. Bg2 d6 5. d3 Ne7 6. Be3 Nbc6 7. Qd2 Nd4 8. h4
h5 9. O-O-O c6 10. Nce2 Be6 11. Kb1 a5 12. c3 Nxe2 13. Nxe2 a4 14. d4 a3 15. b3
Qa5 16. c4 O-O 17. Qxa5 Rxa5 18. dxe5 dxe5 19. Bb6 Ra6 20. Bc5 Re8 21. Nc3 Nc8
22. Be3 Bf8 23. Rd3 Be7 24. Rhd1 Ra8 25. f3 Kg7 26. Bf1 f6 27. Be2 Rf8 28. g4
Rh8 29. c5 Na7 30. R3d2 Kf7 1/2-1/2

[Event "Col Ch "]
[Site "Ibague "]
[Date "2013.07.03"]
[Round "5.38"]
[White "Beltran, Carlos Armando"]
[Black "Valderrama Quiceno, Esteban Al"]
[Result "0-1"]
[WhiteElo "2237"]
[BlackElo "1939"]
[PlyCount "98"]
[EventDate "2013.07.01"]
[EventType "swiss"]
[EventRounds "11"]
[EventCountry "COL"]
[SourceDate "2005.09.12"]

1. Nf3 Nf6 2. g3 g6 3. Bg2 Bg7 4. O-O O-O 5. b3 Ne4 6. c3 d5 7. Bb2 c5 8. d3
Nd6 9. Nbd2 Nc6 10. Qc2 e5 11. Rfd1 Be6 12. Rac1 Rc8 13. Qb1 f5 14. Ne1 Qf6 15.
d4 cxd4 16. cxd4 e4 17. e3 g5 18. Ba3 Rcd8 19. Bxd6 Rxd6 20. f4 gxf4 21. gxf4
Bf7 22. Nf1 Kh8 23. Rd2 Rg8 24. Ng3 h5 25. Kh1 h4 26. Ne2 Bf8 27. Ng1 Bh5 28.
Bh3 Rd7 29. Rg2 Rdg7 30. Rcc2 Bg4 31. Rcf2 Qd8 32. Bxg4 fxg4 33. f5 h3 34. Rg3
Bd6 35. f6 Rf7 36. Ne2 Bxg3 37. hxg3 Rxf6 38. Nf4 Ne7 39. Kh2 Ng6 40. Nc2 Nh4
41. Nb4 Nf3+ 42. Kh1 Rd6 43. Nbxd5 Rxd5 44. Qxe4 Rd6 45. Rxf3 gxf3 46. Qe5+ Qf6
47. Qh5+ Qh6 48. Qe5+ Rf6 49. Nd3 Qg5 0-1

[Event "Col Ch "]
[Site "Ibague "]
[Date "2013.07.03"]
[Round "5.39"]
[White "Contreras, Henry"]
[Black "Jaramillo, Carlos Orlando"]
[Result "1-0"]
[WhiteElo "2230"]
[BlackElo "1930"]
[PlyCount "77"]
[EventDate "2013.07.01"]
[EventType "swiss"]
[EventRounds "11"]
[EventCountry "COL"]
[SourceDate "2005.09.12"]

1. e4 d6 2. d4 Nf6 3. Nc3 c6 4. f4 Qa5 5. e5 Ne4 6. Qf3 Nxc3 7. bxc3 Bf5 8.
exd6 exd6 9. g4 Be6 10. Bd2 Qd5 11. f5 Qxf3 12. Nxf3 Bd5 13. Kf2 Be7 14. c4
Bxf3 15. Kxf3 O-O 16. h4 c5 17. c3 Nc6 18. Be3 f6 19. Bd3 Rfe8 20. Be4 Bf8 21.
Rab1 Rab8 22. Bd5+ Kh8 23. g5 Ne7 24. Bf7 Red8 25. Be6 b6 26. gxf6 gxf6 27.
Rhg1 Bg7 28. Rg2 Ng8 29. Rbg1 Rb7 30. h5 h6 31. a4 Kh7 32. Rg6 Re7 33. Bf4 Rb7
34. Bxg8+ Rxg8 35. Bxh6 Bxh6 36. Rxg8 Re7 37. R1g6 Re3+ 38. Kg2 Re7 39. Rd8 1-0

[Event "Col Ch "]
[Site "Ibague "]
[Date "2013.07.03"]
[Round "5.40"]
[White "Valle, Efrain"]
[Black "Olarte Parra, Jhoan Sebastian"]
[Result "1-0"]
[WhiteElo "2229"]
[BlackElo "1924"]
[PlyCount "77"]
[EventDate "2013.07.01"]
[EventType "swiss"]
[EventRounds "11"]
[EventCountry "COL"]
[SourceDate "2005.09.12"]

1. Nf3 Nf6 2. g3 g6 3. Bg2 Bg7 4. O-O O-O 5. c4 d6 6. Nc3 e5 7. d4 exd4 8. Nxd4
c6 9. e4 Re8 10. Bf4 Nh5 11. Be3 Be6 12. Nxe6 fxe6 13. g4 Nf6 14. g5 Nh5 15.
Bf3 Bxc3 16. bxc3 Ng7 17. c5 d5 18. Rb1 b5 19. cxb6 axb6 20. Rxb6 Rxa2 21. exd5
cxd5 22. Qb3 Ra6 23. Rxa6 Nxa6 24. Ra1 Nc7 25. Ra7 Nf5 26. Bd2 e5 27. Bg4 Nd6
28. Qa4 Ne4 29. Rxc7 Nxd2 30. Rc8 Qxc8 31. Bxc8 Rxc8 32. Qd7 Nf3+ 33. Kg2 Rxc3
34. Qxd5+ Kf8 35. Qa5 Nh4+ 36. Kf1 Rc1+ 37. Ke2 Rc2+ 38. Kd3 Rxf2 39. Qc5+ 1-0

[Event "Col Ch "]
[Site "Ibague "]
[Date "2013.07.03"]
[Round "5.41"]
[White "Piraquive, Alberto"]
[Black "Nunez V, Daniel"]
[Result "0-1"]
[WhiteElo "1945"]
[BlackElo "2225"]
[PlyCount "76"]
[EventDate "2013.07.01"]
[EventType "swiss"]
[EventRounds "11"]
[EventCountry "COL"]
[SourceDate "2005.09.12"]

1. e4 c5 2. Nf3 Nc6 3. Qe2 g6 4. c3 Bg7 5. d3 d6 6. Qc2 Nf6 7. Be2 O-O 8. Bg5
h6 9. Be3 e5 10. Nbd2 Ng4 11. Nf1 f5 12. Bd2 Be6 13. h3 Nf6 14. exf5 gxf5 15.
Ng3 d5 16. Nh2 f4 17. Nh5 Nxh5 18. Bxh5 Bf5 19. O-O-O c4 20. Be2 b5 21. Kb1 b4
22. Qc1 cxd3 23. Bg4 Bxg4 24. hxg4 b3 25. a3 Rc8 26. g3 Nd4 27. Rde1 fxg3 28.
fxg3 Ne2 29. Qd1 Nxg3 30. Rhg1 Ne4 31. g5 hxg5 32. Bxg5 Nxg5 33. Qh5 d2 34. Rd1
Rf5 35. Ng4 Qb6 36. Qh1 e4 37. Rxd2 Rcf8 38. Rh2 Qxg1+ 0-1

[Event "Col Ch "]
[Site "Ibague "]
[Date "2013.07.03"]
[Round "5.42"]
[White "Munoz, Jhon Edison"]
[Black "Parra, Diego Alexander"]
[Result "1-0"]
[WhiteElo "2214"]
[BlackElo "1922"]
[PlyCount "73"]
[EventDate "2013.07.01"]
[EventType "swiss"]
[EventRounds "11"]
[EventCountry "COL"]
[SourceDate "2005.09.12"]

1. d4 Nf6 2. c4 g6 3. Nc3 Bg7 4. e4 d6 5. Be2 O-O 6. Bg5 c5 7. d5 e6 8. Nf3
exd5 9. cxd5 Qa5 10. Nd2 a6 11. Nc4 Qc7 12. e5 dxe5 13. d6 Qc6 14. Bxf6 Bxf6
15. O-O e4 16. Nd5 Nd7 17. Bg4 Bd8 18. Bxd7 Qxd7 19. Ncb6 Qxd6 20. Nxa8 b5 21.
Ndb6 Qc6 22. Qd5 Bb7 23. Qxc6 Bxc6 24. Rfd1 Bxa8 25. Nxa8 Ba5 26. a4 b4 27. Rd5
Rxa8 28. Rxc5 Bb6 29. Rc4 e3 30. a5 exf2+ 31. Kf1 Be3 32. Rxb4 Bd2 33. Rb7 Be1
34. b4 Rd8 35. b5 axb5 36. a6 Bc3 37. a7 1-0

[Event "Col Ch "]
[Site "Ibague "]
[Date "2013.07.03"]
[Round "5.43"]
[White "Palacio, Pablo Persi"]
[Black "Lora, Joel Fernando"]
[Result "0-1"]
[WhiteElo "1931"]
[BlackElo "2151"]
[PlyCount "108"]
[EventDate "2013.07.01"]
[EventType "swiss"]
[EventRounds "11"]
[EventCountry "COL"]
[SourceDate "2005.09.12"]

1. d4 Nf6 2. Nf3 e6 3. Bf4 c5 4. e3 Qb6 5. Qc1 h6 6. h3 d5 7. Nbd2 Nc6 8. c3
Bd7 9. Bd3 Rc8 10. a3 cxd4 11. exd4 Na5 12. O-O Bb5 13. Bxb5+ Qxb5 14. Rb1 Be7
15. Re1 O-O 16. Ne5 Nh5 17. Be3 Nf6 18. g4 Rfd8 19. Qc2 Nd7 20. f4 Nc6 21. Ndf3
Nf8 22. f5 f6 23. Ng6 Nxg6 24. fxg6 Bf8 25. h4 e5 26. g5 e4 27. Nh2 fxg5 28.
Qf2 Ne7 29. Qf7+ Kh8 30. Ng4 gxh4 31. Nxh6 Qe8 32. Bg5 Rc6 33. Qxe8 Rxe8 34.
Nf7+ Kg8 35. Ne5 Nxg6 36. Nxc6 bxc6 37. Re3 Be7 38. Bxe7 Nxe7 39. Rf1 Rf8 40.
Rxf8+ Kxf8 41. Kh2 g5 42. Kh3 Kg7 43. Kg4 Kg6 44. Re1 Nf5 45. b4 Nh6+ 46. Kh3
Kh5 47. Rf1 g4+ 48. Kh2 Kg5 49. Rf8 e3 50. a4 Nf5 51. Re8 Kf4 52. Re5 Ng3 53.
b5 cxb5 54. axb5 Ne4 0-1

[Event "Col Ch "]
[Site "Ibague "]
[Date "2013.07.03"]
[Round "5.45"]
[White "Suarez, Luis Humberto"]
[Black "Melo, Marlon"]
[Result "1/2-1/2"]
[WhiteElo "2110"]
[BlackElo "1914"]
[PlyCount "91"]
[EventDate "2013.07.01"]
[EventType "swiss"]
[EventRounds "11"]
[EventCountry "COL"]
[SourceDate "2005.09.12"]

1. e4 e5 2. Nf3 d6 3. d4 Nd7 4. Bc4 c6 5. a4 Be7 6. O-O Ngf6 7. Nc3 O-O 8. h3
Qc7 9. Re1 h6 10. b3 Re8 11. Bb2 Nf8 12. dxe5 dxe5 13. Ne2 Ng6 14. Ng3 Bc5 15.
c3 a5 16. Qc2 Nf4 17. Kh2 Kh7 18. Nh4 Be6 19. Bxe6 fxe6 20. Nf3 Rad8 21. Rad1
Rd7 22. c4 Ng6 23. Rxd7 Nxd7 24. Rd1 Re7 25. Kg1 Rf7 26. Bc3 Qb6 27. Rd2 Bb4
28. Nh2 Bxc3 29. Qxc3 Nc5 30. Qe3 Rd7 31. Nhf1 Nf4 32. Qc3 Rxd2 33. Nxd2 Ncd3
34. c5 Qxc5 35. Qxc5 Nxc5 36. Kf1 b5 37. Ne2 bxa4 38. bxa4 Nxe2 39. Kxe2 Nxa4
40. Nb3 Nc3+ 41. Kd3 Nd1 42. Ke2 Nc3+ 43. Kd3 Na4 44. Nxa5 Nc5+ 45. Ke3 Nd7 46.
Nxc6 1/2-1/2

[Event "Col Ch "]
[Site "Ibague "]
[Date "2013.07.03"]
[Round "5.46"]
[White "Valdes, Nicolas"]
[Black "Acosta Cruz, Luis Ivan"]
[Result "1-0"]
[WhiteElo "2095"]
[BlackElo "1879"]
[PlyCount "99"]
[EventDate "2013.07.01"]
[EventType "swiss"]
[EventRounds "11"]
[EventCountry "COL"]
[SourceDate "2005.09.12"]

1. e4 e5 2. Nf3 Nc6 3. d4 exd4 4. Bc4 Nf6 5. e5 d5 6. Bb5 Ne4 7. Nxd4 Bd7 8.
Bxc6 bxc6 9. O-O Qh4 10. Qe2 Bc5 11. c3 O-O 12. f3 Ng5 13. Bxg5 Qxg5 14. f4 Qh4
15. g3 Qh3 16. Nd2 Bg4 17. Qg2 Qh5 18. b4 Bb6 19. N2b3 f6 20. Rae1 Rae8 21.
exf6 Rxf6 22. Nc5 Rh6 23. Qf2 Rf8 24. Re5 Qf7 25. Rfe1 Rd8 26. Qe3 Rf6 27. Kg2
Bxc5 28. bxc5 Qf8 29. h3 Bd7 30. Ne6 Bxe6 31. Rxe6 Rb8 32. Re8 Rxe8 33. Qxe8
Qxe8 34. Rxe8+ Rf8 35. Re6 Rf6 36. Re2 Kf7 37. Rb2 Ke7 38. Rb7 Kd7 39. Rxa7 Re6
40. Kf3 Re4 41. Ra8 h5 42. Rg8 Rc4 43. Rxg7+ Kc8 44. Rg8+ Kb7 45. f5 Rxc3+ 46.
Ke2 Rxc5 47. f6 Rc2+ 48. Ke3 c5 49. f7 d4+ 50. Ke4 1-0

[Event "Col Ch "]
[Site "Ibague "]
[Date "2013.07.03"]
[Round "5.47"]
[White "Corpus Vanegas, Jair Samir"]
[Black "Gonzalez Parejo, Ramon Junior"]
[Result "0-1"]
[WhiteElo "1881"]
[BlackElo "2094"]
[PlyCount "136"]
[EventDate "2013.07.01"]
[EventType "swiss"]
[EventRounds "11"]
[EventCountry "COL"]
[SourceDate "2005.09.12"]

1. e4 c5 2. Nf3 g6 3. d4 Bg7 4. Bc4 cxd4 5. Nxd4 Nc6 6. Nf3 Nf6 7. Nc3 O-O 8.
O-O d6 9. h3 a6 10. Be3 b5 11. Bd3 Bb7 12. Qd2 Re8 13. Rfe1 Nd7 14. a3 Rc8 15.
Rad1 Na5 16. Bh6 Bh8 17. Ng5 Ne5 18. f4 Nec4 19. Qf2 Nxb2 20. f5 Rf8 21. fxg6
fxg6 22. Bxf8 Qxf8 23. Qh4 Bd4+ 24. Kh1 Qg7 25. Rf1 Nxd1 26. Nxd1 Bf6 27. Qg4
Bxg5 28. Qxg5 Rc5 29. Qf4 Nc4 30. Ne3 Nxe3 31. Qxe3 e6 32. Qf4 Qe7 33. Kh2 Rc8
34. Qe3 Rf8 35. Rxf8+ Kxf8 36. e5 Qc7 37. Qf4+ Qf7 38. Qh6+ Ke7 39. Qh4+ Kd7
40. Qd4 Qf8 41. c4 bxc4 42. Bxc4 g5 43. Kg1 d5 44. Qb6 Bc6 45. Bxa6 Qxa3 46.
Qa7+ Ke8 47. Qb8+ Ke7 48. Qc7+ Bd7 49. Bc8 Qa4 50. Qd6+ Ke8 51. Ba6 Qd4+ 52.
Kh2 h5 53. Qb8+ Kf7 54. Qh8 Qf4+ 55. Kg1 d4 56. Qxh5+ Kg7 57. Qe2 Bc6 58. Bd3
Bd5 59. Kh1 Qg3 60. Kg1 Bxg2 61. Qxg2 Qxd3 62. Qxg5+ Qg6 63. Qxg6+ Kxg6 64. Kf2
Kf5 65. Ke2 Kxe5 66. Kd3 Kd5 67. h4 e5 68. h5 Ke6 0-1

[Event "Col Ch "]
[Site "Ibague "]
[Date "2013.07.03"]
[Round "5.49"]
[White "Lopez Idarraga, Daniel Eduardo"]
[Black "Arismendi Polanco, Efrain Stev"]
[Result "1-0"]
[WhiteElo "2053"]
[BlackElo "1805"]
[PlyCount "73"]
[EventDate "2013.07.01"]
[EventType "swiss"]
[EventRounds "11"]
[EventCountry "COL"]
[SourceDate "2005.09.12"]

1. Nf3 Nf6 2. b3 g6 3. Bb2 Bg7 4. c4 d6 5. d4 O-O 6. e3 Nbd7 7. Be2 e5 8. dxe5
Ng4 9. Nbd2 Ndxe5 10. Rb1 Qe7 11. O-O Re8 12. Nxe5 Nxe5 13. Nf3 Bf5 14. Bxe5
dxe5 15. Rb2 c5 16. Rd2 e4 17. Ne1 Bc3 18. Rc2 Rad8 19. Qc1 Ba5 20. g3 Rd6 21.
Ng2 Red8 22. Nf4 Be6 23. Qa3 Bb4 24. Qb2 Rd2 25. Rfc1 R8d7 26. h4 h5 27. Qe5
Ba3 28. Rxd2 Rxd2 29. Rd1 Rxd1+ 30. Bxd1 Qd8 31. Bc2 Qd2 32. Nxe6 fxe6 33.
Qxe6+ Kg7 34. Qe7+ Kg8 35. Bxe4 Qd1+ 36. Kg2 Qg4 37. Bd5+ 1-0

[Event "Col Ch "]
[Site "Ibague "]
[Date "2013.07.03"]
[Round "5.50"]
[White "Castaneda, Victor"]
[Black "Dominguez Rincon, Miller"]
[Result "0-1"]
[WhiteElo "1876"]
[BlackElo "2035"]
[PlyCount "76"]
[EventDate "2013.07.01"]
[EventType "swiss"]
[EventRounds "11"]
[EventCountry "COL"]
[SourceDate "2005.09.12"]

1. d4 d5 2. c4 e6 3. Nc3 c5 4. cxd5 exd5 5. Nf3 Nc6 6. g3 cxd4 7. Nxd4 Bc5 8.
Nxc6 bxc6 9. Bg2 Nf6 10. O-O O-O 11. Bg5 Rb8 12. Na4 Bd6 13. Qd4 Rb4 14. Qd1
Re8 15. b3 Bg4 16. Re1 h6 17. Bxf6 Qxf6 18. Rc1 Rd4 19. Qc2 Bb4 20. Nc3 Bf5 21.
Qb2 Qe7 22. Nb1 Bxe1 23. Rxe1 Qe5 24. Nd2 Re4 25. Qxe5 R4xe5 26. e3 Rb8 27. Rc1
Rb6 28. Nf3 Re8 29. Nd4 Bd7 30. Bf1 a5 31. a3 Kf8 32. Rc5 Ra8 33. Bd3 Ke7 34.
Rc3 Kd6 35. Nc2 c5 36. a4 Rab8 37. Na1 Rb4 38. Kf1 c4 0-1

[Event "Col Ch "]
[Site "Ibague "]
[Date "2013.07.03"]
[Round "5.51"]
[White "Barros, Raul"]
[Black "Escobar, Cesar"]
[Result "0-1"]
[WhiteElo "2019"]
[BlackElo "1742"]
[PlyCount "80"]
[EventDate "2013.07.01"]
[EventType "swiss"]
[EventRounds "11"]
[EventCountry "COL"]
[SourceDate "2005.09.12"]

1. e4 c6 2. d4 d5 3. exd5 cxd5 4. Nf3 Nc6 5. c3 Bg4 6. Be2 e6 7. O-O Bd6 8. h3
Bh5 9. Nbd2 Nf6 10. Ne5 Bxe2 11. Qxe2 O-O 12. f4 Qe7 13. Ng4 Ne4 14. Nxe4 dxe4
15. Ne5 f5 16. b3 Rad8 17. Nc4 Rf6 18. Be3 Rg6 19. Rad1 Bc7 20. Ne5 Rh6 21. Kh2
Qh4 22. Qe1 Qf6 23. g3 Ne7 24. c4 Nc6 25. b4 Qe7 26. b5 Nb4 27. Qe2 Bxe5 28.
fxe5 Rg6 29. a3 Nd3 30. Rxd3 exd3 31. Qxd3 Qc7 32. Bf4 h5 33. d5 h4 34. gxh4
exd5 35. cxd5 Qd7 36. d6 b6 37. Qd5+ Re6 38. Rc1 Qf7 39. Rc7 Rdxd6 40. Qc4 Rd7
0-1

[Event "Col Ch "]
[Site "Ibague "]
[Date "2013.07.03"]
[Round "5.52"]
[White "Arias, Juan Diego"]
[Black "Bravo, Juan Eduardo"]
[Result "1-0"]
[WhiteElo "2016"]
[BlackElo "1726"]
[PlyCount "46"]
[EventDate "2013.07.01"]
[EventType "swiss"]
[EventRounds "11"]
[EventCountry "COL"]
[SourceDate "2005.09.12"]

1. g3 Nf6 2. Bg2 d5 3. c4 e6 4. Nc3 c6 5. b3 Be7 6. e3 O-O 7. Nge2 Nbd7 8. O-O
Nc5 9. Qc2 Re8 10. d4 Na6 11. e4 dxe4 12. Nxe4 Nxe4 13. Bxe4 g6 14. Bb2 Bf6 15.
Rad1 Bg7 16. Nf4 Qc7 17. Nd3 Rb8 18. Rfe1 b6 19. c5 bxc5 20. dxc5 Bxb2 21. Qxb2
e5 22. Bg2 f6 23. Qc3 Bg4 1-0

[Event "Col Ch "]
[Site "Ibague "]
[Date "2013.07.03"]
[Round "5.53"]
[White "Ortiz, Jairo"]
[Black "Garces, Javier"]
[Result "0-1"]
[WhiteElo "1725"]
[BlackElo "2001"]
[PlyCount "110"]
[EventDate "2013.07.01"]
[EventType "swiss"]
[EventRounds "11"]
[EventCountry "COL"]
[SourceDate "2005.09.12"]

1. d4 Nf6 2. Nf3 g6 3. g3 Bg7 4. Bg2 d5 5. Nc3 c5 6. O-O cxd4 7. Nxd4 e5 8. Nb3
d4 9. Ne4 Nxe4 10. Bxe4 Nc6 11. e3 Bh3 12. Re1 O-O 13. exd4 exd4 14. Nc5 Qb6
15. Nd3 Rfe8 16. Bf4 Be6 17. Qd2 Bc4 18. h4 Bxd3 19. cxd3 Qb5 20. Kg2 Rac8 21.
Bf3 Rxe1 22. Rxe1 Nb4 23. Re7 Nd5 24. Re4 h5 25. Bh6 Bf6 26. g4 Qb4 27. Qe2 Kh7
28. Bd2 Qxb2 29. Qe1 Rc2 30. Re2 Nc3 31. Bxc3 Rxe2 32. Qxe2 Qxe2 33. Bxe2 dxc3
34. Bd1 Bxh4 35. f3 Kg7 36. Kf1 Kf6 37. Ke2 Ke5 38. Bb3 Bg5 39. Kd1 f5 40. gxh5
gxh5 41. Ke2 h4 42. Kf2 Bf4 43. Kg2 Kd4 44. Bc2 Ke3 45. d4 Kd2 46. Bxf5 c2 47.
Bxc2 Kxc2 48. Kh3 Bg3 49. d5 Kd3 50. Kg4 Kd4 51. d6 Bxd6 52. Kxh4 b5 53. Kg4 b4
54. f4 a5 55. Kf3 Kc3 0-1

[Event "Col Ch "]
[Site "Ibague "]
[Date "2013.07.03"]
[Round "5.54"]
[White "Manrique, Fernando"]
[Black "Sosa Florez, Juan Sebastian"]
[Result "0-1"]
[WhiteElo "1991"]
[BlackElo "1671"]
[PlyCount "68"]
[EventDate "2013.07.01"]
[EventType "swiss"]
[EventRounds "11"]
[EventCountry "COL"]
[SourceDate "2005.09.12"]

1. e4 c5 2. Nf3 Nc6 3. d4 cxd4 4. Nxd4 e5 5. Nb5 d6 6. N1c3 a6 7. Na3 b5 8. Nd5
Nf6 9. Bg5 Be7 10. Nxe7 Qxe7 11. f3 O-O 12. c3 h6 13. Be3 Be6 14. Bd3 Rfd8 15.
Qd2 Rac8 16. Bb6 Rd7 17. O-O d5 18. b4 Nd8 19. Qb2 Nb7 20. Nc2 Qd6 21. Be3 dxe4
22. Bxe4 Nxe4 23. fxe4 Qc6 24. a4 Qxc3 25. Qxc3 Rxc3 26. axb5 axb5 27. Rfc1
Rdd3 28. Kf2 Nd6 29. Ke1 Nxe4 30. Bb6 Kh7 31. Kf1 Nd2+ 32. Ke2 Bg4+ 33. Kf2 Nb3
34. Ne1 Rd2+ 0-1

[Event "Col Ch "]
[Site "Ibague "]
[Date "2013.07.03"]
[Round "5.55"]
[White "Vargas, Eduar Misael"]
[Black "Hernandez Sanchez, Jairo Andre"]
[Result "0-1"]
[WhiteElo "1955"]
[BlackElo "2320"]
[PlyCount "40"]
[EventDate "2013.07.01"]
[EventType "swiss"]
[EventRounds "11"]
[EventCountry "COL"]
[SourceDate "2005.09.12"]

1. d4 Nf6 2. c4 e6 3. Nf3 Bb4+ 4. Bd2 a5 5. Nc3 O-O 6. e3 d6 7. Be2 Nbd7 8. a3
Bxc3 9. Bxc3 Ne4 10. Qc2 Nxc3 11. Qxc3 Qe7 12. O-O e5 13. dxe5 dxe5 14. e4 Re8
15. b4 Nf8 16. Rfd1 Bg4 17. bxa5 Qf6 18. Rab1 Ne6 19. h3 Nf4 20. Bf1 Nxh3+ 0-1